[Event "Novosibirsk Sukharev Memorial op"]
[Site "Novosibirsk"]
[Date "2011.07.20"]
[Round "3"]
[White "Vshivkov, Vitaly"]
[Black "Itkin, Alexander"]
[Result "1-0"]
[WhiteElo "1833"]
[BlackElo "2022"]
[PlyCount "55"]
[EventDate "2011.07.18"]
[EventType "swiss"]
[EventRounds "9"]
[EventCountry "RUS"]
[SourceTitle "EXT 2012"]
[Source "ChessBase"]
[SourceDate "2011.11.24"]
[SourceVersion "1"]
[SourceVersionDate "2011.11.24"]
[SourceQuality "1"]

1. d4 Nf6 2. c4 g6 3. Nc3 d5 4. cxd5 Nxd5 5. e4 Nxc3 6. bxc3 Bg7 7. Bc4 c5 8. Ne2 Nc6 9. Be3 0-0 10. 0-0 Bg4 11. f3 Na5 12. Bd3 cxd4 13. cxd4 Be6 14. Qa4 b6 15. Rac1 f5 16. d5 fxe4 17. fxe4 Rxf1+ 18. Kxf1 Qd6 19. Kg1 Be5 20. g3 Bg4 21. Bf4 Rf8 22. Bxe5 Qxe5 23. Qd4 Qg5 24. Nf4 e5 25. dxe6 Bxe6 26. Rc7 Bf7 27. Ne6 Qd2 28. Qg7# 1-0